| 000 | 00910nam a2200289 a 4500 | ||
|---|---|---|---|
| 001 | 000038622 | ||
| 003 | DO-SdBNP | ||
| 005 | 20180320135452.0 | ||
| 007 | 000038622 | ||
| 008 | 130416s2006 dr a 000 0 spa d | ||
| 020 | _a9945405195 | ||
| 040 |
_aBPMSU _bspa _cBPMSU |
||
| 082 |
_aRD862.44 _bP438t |
||
| 100 | 1 | _aPérez, Odalís G. | |
| 245 | 1 | 0 |
_aTerritorios : _bverdaderas historias / _cOdalis G. Pérez. |
| 260 | 0 |
_aSanto Domingo : _bManatí, _c2006. |
|
| 300 |
_a225 p. : _bils. ; _c22 cm. |
||
| 500 | _aIncluye datos biográficos del autor en la contracubierta | ||
| 650 | 4 | _aTEATRO DOMINICANO | |
| 650 | 4 | _aLITERATURA DOMINICANA | |
| 910 | _aValidado. Control de calidad MFF | ||
| 942 |
_2ddc _cBK |
||
| 945 | _aRemanejado para la BNPHU / BT | ||
| 956 |
_aDGARCIA _b10 _c20130416 _lBND01 _h1303 |
||
| 956 |
_aNMORDAN _b10 _c20130607 _lBND01 _h1024 |
||
| 956 |
_aVMATEO _b10 _c20150428 _lBMET02 _h00151 |
||
| 999 |
_c7730 _d7730 |
||